Motivace pracovníků v logistice
Správna motivácia pracovníkov ako nástroj na zlepšenie podnikovej kultúry a zvýšenia konkurencieschopnosti podniku. Úloha vedúcich pracovníkov pri motivácii. Význam uznania a pochvaly. Stratégia nákladového vodcovstva. Stratégia diferenciácie. Požiadavky na vedúcich pracovníkov.
Salvato in:
| Natura: | Capitolo di libro |
|---|---|
| Lingua: | ceco |
| Soggetti: | |
| Tags: |
Nessun Tag, puoi essere il primo ad aggiungerne!!
|
MARC
| LEADER | 00000naa$a2200000$$$4500 | ||
|---|---|---|---|
| 001 | 0051671 | ||
| 005 | 20231113115509.3 | ||
| 041 | 0 | |a cze | |
| 044 | |a CZ | ||
| 245 | 1 | 0 | |a Motivace pracovníků v logistice |
| 520 | |a Správna motivácia pracovníkov ako nástroj na zlepšenie podnikovej kultúry a zvýšenia konkurencieschopnosti podniku. Úloha vedúcich pracovníkov pri motivácii. Význam uznania a pochvaly. Stratégia nákladového vodcovstva. Stratégia diferenciácie. Požiadavky na vedúcich pracovníkov. | ||
| 610 | 2 | 0 | |a motivácia pracovná |
| 610 | 2 | 0 | |a podnety k práci |
| 610 | 2 | 0 | |a vzťah k práci |
| 610 | 2 | 0 | |a výkony podnikové |
| 610 | 2 | 0 | |a konkurencieschopnosť |
| 610 | 2 | 0 | |a pracovníci vedúci |
| 610 | 2 | 0 | |a manažéri |
| 610 | 2 | 0 | |a vedenie ľudí |